[Event "18th EUR-ch (w)"]
[Site "Riga LAT"]
[Date "2017.04.22"]
[Round "11.69"]
[White "Ivanova, Katrina Telma"]
[Black "Golsta, Madara"]
[Result "0-1"]
[WhiteElo "1340"]
[BlackElo "1619"]
[EventDate "2017.04.11"]
[PlyCount "74"]

1.e4 c5 2.Nf3 d6 3.d4 cxd4 4.Nxd4 Nf6 5.Nc3 g6 6.Bd3 Bg7 7.Nde2 O-O 8.O-O 
Nc6 9.Bd2 Bd7 10.Rb1 Rc8 11.Nf4 Ne5 12.Be2 Nc4 13.Bc1 a6 14.Bf3 b5 15.a3 
Nxa3 16.bxa3 Rxc3 17.Bb2 Rc4 18.Re1 Qc7 19.Rc1 Rc8 20.c3 Bh6 21.Nd5 Nxd5 
22.exd5 Bxc1 23.Qxc1 Bf5 24.Qg5 Re8 25.h4 Qd8 26.g3 Qd7 27.Be2 Re4 28.f3 
Re5 29.c4 Qa7+ 30.Kg2 Bh3+ 31.Kxh3 Rxg5 32.hxg5 bxc4 33.Bxc4 Qf2 34.Re2 
Qxf3 35.Bxa6 Qxd5 36.Bf6 Qc6 37.Bd3 exf6 0-1

[Event "18th EUR-ch (w)"]
[Site "Riga LAT"]
[Date "2017.04.22"]
[Round "11.70"]
[White "Ni Mhuireagain, Eibhia"]
[Black "Vainovska, Valentina"]
[Result "1-0"]
[WhiteElo "1496"]
[BlackElo "1792"]
[EventDate "2017.04.11"]
[PlyCount "45"]

1.e4 e5 2.Nf3 Nc6 3.Bc4 Be7 4.c3 Nf6 5.d3 O-O 6.O-O d6 7.a4 Bg4 8.h3 Bd7 
9.Nbd2 Qe8 10.a5 a6 11.Re1 Kh8 12.Nf1 Na7 13.Ng3 c5 14.Nh4 Nc6 15.Nhf5 Be6
16.Bg5 Qd7 17.Qf3 Rae8 18.Nxg7 Kxg7 19.Bxf6+ Bxf6 20.Nh5+ Kg6 21.Nxf6 Qe7 
22.Qh5+ Kg7 23.Qxh7+ 1-0

[Event "18th EUR-ch (w)"]
[Site "Riga LAT"]
[Date "2017.04.22"]
[Round "11.71"]
[White "Maklakova, Nellija"]
[Black "Mieze, Natalja"]
[Result "1-0"]
[WhiteElo "1829"]
[BlackElo "1223"]
[EventDate "2017.04.11"]
[PlyCount "95"]

1.e4 c5 2.Nf3 d6 3.d4 Nf6 4.Nc3 g6 5.Bc4 Bg7 6.Ng5 e6 7.dxc5 Nfd7 8.cxd6 
O-O 9.O-O Nc6 10.Bxe6 Nce5 11.Bb3 Nc5 12.f4 Bg4 13.Nf3 Nxf3+ 14.gxf3 Bh3 
15.Rf2 Nxb3 16.axb3 a6 17.Be3 Kh8 18.Na4 b5 19.Nc5 a5 20.Bd4 Rg8 21.e5 Be6
22.Qd2 a4 23.bxa4 bxa4 24.Rxa4 Rxa4 25.Nxa4 h5 26.Nc5 Kh7 27.b3 Qh4 28.
Nxe6 fxe6 29.Be3 Qd8 30.c4 Kh8 31.c5 g5 32.fxg5 Bh6 33.h4 Rg6 34.c6 Bg7 
35.f4 Qf8 36.Qe2 Qf5 37.Qxh5+ Kg8 38.d7 Qb1+ 39.Kh2 Qd3 40.Qxg6 Qxg6 41.
d8=Q+ Bf8 42.Bc5 Kh7 43.Qxf8 Qh5 44.Qe7+ Kg8 45.Qxe6+ Kg7 46.Qf6+ Kg8 47.
g6 Qxe5 48.Qf8# 1-0